000
00288nam a22001337a 4500
008
181220b xxu||||| |||| 00| 0 eng d
020
_a
0534067441
041
_a
eng
080
_a
159.9
100
_a
48
101
_a
PSI
245
_a
Social Psychology
_c
Forsyth,D.R
942
_2
udc
_c
BK
999
_c
53559
_d
53559